000 00712cam a2200253 i 4500
001 2237985
003 OSt
005 20230623122639.0
008 760323s1976 nyu 000 0 eng
010 _a 76356961
020 _c$1.25
040 _aDLC
_cDLC
_dDLC
043 _an-us---
050 0 0 _aJK1061
_b.R3
082 0 0 _a328.73
_bNET
100 1 _aRadler, D. H.
_q(Don H.),
_d1983
245 1 0 _aHow Congress works /
_cby Don Radler ; with a foreword by Jack Brooks.
260 _aNew York :
_bNew American Library,
_c1983
300 _axvi, 142 p. ;
_c18 cm.
490 0 _aA Signet book
610 1 0 _aUnited States.
_bCongress.
906 _a7
_bcbc
_corignew
_d2
_encip
_f19
_gy-gencatlg
942 _2ddc
_cBK
999 _c2494
_d2494